000 00556nam a2200205 a 4500
003 SISC
005 20170228094032.0
008 110819s19uu xx 00 eng d
020 _a9780470930663
050 _aHF 5438.25
_b.H665 2011
100 _aHopkins, Tom.
245 _aSelling for dummies /
_cTom Hopkins.
250 _a3rd edition.
260 _aHoboken, NJ :
_bWiley Publishing,
_c2011.
300 _a362 pages :
_billustrations ;
_c24 cm.
500 _aIncludes index.
650 _aSelling.
942 _cBK
_2lcc
_kFOR
999 _c24718
_d24718